| 000 | 02407cam a2200457 i 4500 | ||
|---|---|---|---|
| 003 | SA-RiAUC | ||
| 005 | 20250130080723.0 | ||
| 008 | 250128s1995 xxko g 001 0 ara c | ||
| 020 | _a1855132532 | ||
| 020 | _z18551325321 | ||
| 024 | 0 | _a00000000807431 | |
| 040 |
_aLB-BrLEU _bara _cSA-RiAUC _dAE-DuMBRL _erda |
||
| 050 | 4 | _bJ33 1995 | |
| 050 | 1 | 4 | _bJ32 1995 |
| 050 | 4 | _bJ33 1995 | |
| 082 | 0 | 4 |
_a720.1 _qSA-RiAUC |
| 090 |
_a720.1 _bج ا د |
||
| 100 | 1 |
_aالجادرجي، رفعت، _d1926- _eمؤلف. |
|
| 245 | 1 | 0 |
_aحوار في بنيوية الفن والعمارة = _bDialogue on the structure of art and architecture / _cرفعت الجادرجي. |
| 246 | 3 | 1 | _aDialogue on the structure of art and architecture |
| 246 | 3 | 0 | _aالفن والعمارة |
| 250 | _aالطبعة الأولى. | ||
| 264 | 1 |
_aلندن ؛ _aبيروت : _bرياض الريس للكتب والنشر، _c1995. |
|
| 300 |
_a392 صفحة : _bصور ؛ _c22 × 15 سم |
||
| 336 |
_aنص _btxt _2rdacontent _3كتاب |
||
| 337 |
_aبدون وسيط _bn _2rdamedia |
||
| 338 |
_aمجلد _bnc _2rdacarrier |
||
| 500 | _aكشافات : صفحة 385-392. | ||
| 504 | _aيشتمل على كشافات. | ||
| 520 | _aيتناول كتاب (حوار في بنيوية الفن والعمارة) والذي قام بتأليفه (رفعت الجادرجي) في حوالي (392) صفحة من القطع المتوسط موضوع (البنيوية (عمارة)) المحتويات التالية : العمارة والمعمار، الاتجاهات المعمارية في المشرق العربي، الحداثة وما بعد الحداثة، الحاجة، القيمة والمعايير، التعامل، الشك والتشخص، العالم والتقني، الاستاتيكية، الفن، الجمال، الابتمالية، الاستاتيكية، الفن والجمال ... إلخ. | ||
| 590 | _aحمد. | ||
| 650 | 7 |
_aالبنيوية (عمارة) _2aucsh |
|
| 650 | 7 |
_aالعمارة _xفلسفة _2aucsh |
|
| 650 | 7 |
_aالفن _xفلسفة _2aucsh |
|
| 650 | 7 |
_aالتصميم المعماري _2aucsh |
|
| 650 | 7 |
_aالعمارة الشرقية _2aucsh |
|
| 650 | 7 |
_aالفنون الشرقية _2aucsh |
|
| 942 |
_2ddc _cBOOK _n0 |
||
| 949 |
_aSA-JeALM _d250128 _umohamedma123 _n1 |
||
| 999 |
_c5457 _d5457 |
||